000
00248nam a2200097Ia 4500
008
230915s9999 xx 000 0 und d
050
_a
H 62 .S343
100
_a
Salda'na,Johnny
245
4
_a
The Coding Manual for Qualitative Researchers
942
_c
BK
999
_c
72646
_d
72646